La nostra regola di vita. (Record n. 28953)

Dettagli MARC
000 -LEADER
fixed length control field 01647nam a2200217Ia 4500
003 - CONTROL NUMBER IDENTIFIER
control field IT-RoPAU
005 - DATE AND TIME OF LATEST TRANSACTION
control field 20220918175750.0
008 - FIXED-LENGTH DATA ELEMENTS--GENERAL INFORMATION
fixed length control field 120407s9999 xx 000 0 und d
040 ## - CATALOGING SOURCE
Original cataloging agency IT-RoPAU
Transcribing agency 20140510091011.0
040 ## - CATALOGING SOURCE
Transcribing agency IT-RoPAU
041 ## - LANGUAGE CODE
Language code of text/sound track or separate title ita
100 ## - MAIN ENTRY--PERSONAL NAME
Personal name Pie Discepole del Divin Maestro
9 (RLIN) 24397
245 ## - TITLE STATEMENT
Title La nostra regola di vita.
Remainder of title 3. Vocazione e missione.
260 ## - PUBLICATION, DISTRIBUTION, ETC. (IMPRINT)
Date of publication, distribution, etc. 1989
Place of publication, distribution, etc. Roma
Name of publisher, distributor, etc. Casa Generalizia PDDM
300 ## - PHYSICAL DESCRIPTION
Extent 214 p.
Dimensions 21 cm
490 ## - SERIES STATEMENT
Volume/sequential designation Vol. n. 10
Series statement PDDM
500 ## - GENERAL NOTE
General note Uso manoscritto
520 ## - SUMMARY, ETC.
Summary, etc. Indice<br/><br/>Presentazione<br/>Fonti<br/><br/>Art. 1 - Il nostro carisma nella storia<br/>Art. 2 - Il fine della consacrazione religiosa<br/>Art. 3 - Gesù Maestro centro e fondamento<br/>Art. 4 - La nostra identità carismatica<br/>Art. 5 - Identità della Pia Discepola nella Famiglia Paolina<br/>Art. 6 - Appartenza alla Famiglia Paolina<br/>Art. 7 - Missione fondamentale e vitale<br/>Art. 8 - Unità della Famiglia Paolina<br/>Art. 9 - In Cristo con Maria e S. Paolo<br/>Art. 10 - Dimensione contemplativo-apostolica<br/>Art. 11 - Gesù Maestro Via - Verità - Vita<br/>Art. 12 - Come Maria<br/>Art. 13 - Il Rosario<br/>Art. 14 - Nello Spirito dell'Apostolo Paolo<br/>Art. 15 - La preghiera cristiana<br/>Art. 16 - Gesù Maestro di preghiera e l'intercessione di Maria Santissima<br/>Art. 17 - Il nutrimento della Parola di Dio<br/>Art. 18 - Unite a Gesù Maestro Eucaristico<br/>Art. 19 - La Liturgia delle Ore<br/>Art. 20 - La Meditazione<br/>Art. 21 - L'Adorazione Eucaristica<br/>Art. 22 - L'esame di coscienza<br/>Art. 23 - Celebriamo il giorno del Signore<br/>Art. 24 - Il ritiro mensile<br/>Art. 25 - Gli Esercizi Spirituali<br/>Art. 26 - La predicazione alle nostre comunità<br/><br/>
942 ## - ADDED ENTRY ELEMENTS (KOHA)
Koha item type LIBRO
Source of classification or shelving scheme Dewey Decimal Classification
Dati di copia
Withdrawn status Lost status Source of classification or shelving scheme Damaged status Not for loan Home library Current library Date acquired Total Checkouts Full call number Date last seen Price effective from Koha item type
    Dewey Decimal Classification Buone Condizioni Not For Loan PAULUS-BIBLIOTECA PAULUS-BIBLIOTECA 11/04/2012   P D5 11/04/2012 11/04/2012 LIBRO
CREDITS: SOCIETA' SAN PAOLO Via A.Severo, 58 - ROMA (RM) & PERIODICI SAN PAOLO SRL Via Giotto, 36 MILANO & CISF Via Giotto, 36 MILANO & EDIZIONI SAN PAOLO SRL,  Piazza Soncino, 5 CINISELLO BALSAMO (MI) -- ITALY